[Event "28. Cappelle Open"]
[Site "Cappelle la Grande FRA"]
[Date "2012.03.10"]
[Round "9"]
[White "Timoshenko, Georgy"]
[Black "Jovanic, Ognjen"]
[Result "1/2-1/2"]
[WhiteElo "2569"]
[BlackElo "2493"]
[EventDate "2012.03.03"]

1.e4 e5 2.Nf3 Nc6 3.Bb5 a6 4.Ba4 Nf6 5.O-O b5 6.Bb3 Bb7 7.d4 Nxd4 8.Nxd4 
exd4 9.e5 Ne4 10.f3 Nc5 11.Qxd4 Qe7 12.Be3 Nxb3 13.axb3 c5 14.Qf4 Qe6 15.
Bf2 d5 16.b4 cxb4 17.Nd2 Be7 18.Nb3 O-O 19.Rfe1 d4 20.Nxd4 Qg6 21.Nf5 Bg5 
22.Qg4 Bc8 23.h4 Bxf5 24.Qxg5 Qxg5 25.hxg5 Rfc8 26.g4 Be6 27.Re2 Bd5 28.
Kg2 a5 29.Be1 Rc4 30.Kg3 Bc6 31.b3 Rd4 32.Rd2 Rxd2 33.Bxd2 g6 34.f4 Be4 
35.Ra2 a4 36.bxa4 Rxa4 37.Rb2 Ra3+ 38.Kf2 b3 39.cxb3 Bd5 40.Rc2 Be6 41.Rc7
Rxb3 42.Rb7 Kf8 43.Be3 Rb2+ 44.Ke1 Ke8 45.Bc5 Bc4 46.Bd6 Re2+ 47.Kd1 Rg2 
48.e6 Bxe6 49.Rxb5 Bxg4+ 50.Ke1 Kd7 51.Be5 Ke6 52.Rb2 Rg3 53.Kf2 Rf3+ 54.
Kg2 Rd3 55.Rb6+ Kf5 56.Rf6+ Ke4 57.Rxf7 Bf3+ 58.Kf2 Rd2+ 59.Kg3 Rg2+ 60.
Kh3 Rg1 61.Kh2 Rg2+ 62.Kh3 Rg1 63.Kh2 Rg2+ 1/2-1/2